000 00576nam a22002297a 4500
001 BR7901494
003 BR-BrBNA
005 20231101110828.0
007 ta
008 230509b bl.||||| |||| 00| 0 por d
040 _aBR-BrBNA
_bpor
_cBiblioteca Nacional de Agricultura
041 _a(Por)
072 _aN10
100 1 _aPiedade Junior, C.
245 1 _aEletrificacao rural [Brasil]
260 3 _aSao Paulo, SP (Brasil):
_bNobel,
_c1979.
300 _a280 p.
500 _a11 ref.
650 _aENGENHARIA RURAL
650 _aELETRIFICACAO RURAL
942 _cBK
_2AGRIS
999 _c27208
_d27208